000 00940nas a2200289 4500
001 BR9200712
003 BR-BrBNA
005 20231205092309.0
007 ta
008 230509b bl.|||p| |||| 00| 00por d
040 _aBR-BrBNA
_bpor
_cBiblioteca Nacional de Agricultura
041 _a(Pt)
072 _aH10
100 1 _aNovaretti, W.R.T.
100 1 _aTihohod, D.
100 1 _aPaulo, A.D.
100 1 _aNovaretti, A.A.P.
245 1 _aCarbosulfan 5G e cadusafos 10G no controle do nematoide dos citros. Resultados iniciais
246 1 _aPreliminary results of Tylenchulus semipenetrans control with carbosulfan 5G and cadusafos 10G
650 _aFRUTA CITRICA
650 _aNEMATOIDE
650 _aNEMATICIDA
650 _aCONTROLE QUIMICO
773 0 _tNematologia Brasileira (Brazil)
_xISSN 0102-2997
_g(Dec 1991), v. 15(2) p. 196-198
_wBR9200712
909 _a202311
_bLúcia
_c55
_dLúcia Elande
942 _2AGRIS
_n0
_cANA
999 _c130740
_d130740